Diverzifikácia spotreby potravín na Slovensku

Analýzai diverzifikácie spotreby potravín na Slovensku s využitím mikroekonomických údajov zo zisťovania Štatistiky rodinných účtov SR za obdobie 2004–2010. Potravinová diverzita je indikátorom kvality stravovania, a teda jedným z aspektov potravinovej bezpečnosti domácností.

Salvato in:
Dettagli Bibliografici
Autore principale: Cupak, Andrej, 1988-
Altri autori: Pokrivčák, Ján, Rizov, Marian
Natura: Capitolo di libro
Lingua:slovacco
Soggetti:
Tags: Aggiungi Tag
Nessun Tag, puoi essere il primo ad aggiungerne!!

MARC

LEADER 00000naa a2200000 4500
001 0221879
005 20241106135915.5
041 0 |a slo 
044 |a CZ 
245 1 0 |a Diverzifikácia spotreby potravín na Slovensku  |c Andrej Cupak, Ján Pokrivčák, Marian Rizov 
520 |a Analýzai diverzifikácie spotreby potravín na Slovensku s využitím mikroekonomických údajov zo zisťovania Štatistiky rodinných účtov SR za obdobie 2004–2010. Potravinová diverzita je indikátorom kvality stravovania, a teda jedným z aspektov potravinovej bezpečnosti domácností. 
610 2 0 |a bezpečnosť potravinová 
610 2 0 |a spotreba potravín 
610 2 0 |a analýza regresná 
610 2 0 |a Slovensko 
610 2 0 |a kvalita potravín 
100 1 |a Cupak, Andrej, 1988- 
700 1 |a Pokrivčák, Ján 
700 1 |a Rizov, Marian